000
00285nam a2200121Ia 4500
008
221102s9999 xx 000 0 und d
041
_a
eng
082
_b
Wil
100
_a
William R. Gondin
_9
94897
245
_a
Plato Republic
250
_a
4
260
_b
Rama Brothers
_c
1905-07-02
999
_c
82034
_d
82034